Theorie statistique des champs. T.2 T.2

Đã lưu trong:
书目详细资料
主要作者: Itzykson, Claude
格式: 图书
出版: InterÉditions ; CNRS Éditions 1989
标签: 添加标签
没有标签, 成为第一个标记此记录!
Thư viện lưu trữ: Mạng thư viện Đại học Đà Nẵng
LEADER 00591nam a2200229 a 4500
001 000030134
003 25496
005 20171030145630.0
008 171030s1989
040 |a LTT 
082 0 |a 512  |b IT-C 
100 1 |a Itzykson, Claude 
245 0 0 |a Theorie statistique des champs. T.2  |c Claude Itzykson, Jean-Michel Drouffe.  |n T.2 
260 |b InterÉditions ; CNRS Éditions  |c 1989 
500 |a VSVN 
OWN |a LTT 
999 |a From the UDN01 
TYP |a Monograph 
TYP |a Printed language 
980 |a Mạng thư viện Đại học Đà Nẵng